LEADER 01047nam--2200361---450- 001 990003103040203316 005 20080505112506.0 010 $a88-14-00710-1 035 $a000310304 035 $aUSA01000310304 035 $a(ALEPH)000310304USA01 035 $a000310304 100 $a20080505d1985----km-y0itay50------ba 101 $aita 102 $aIT 105 $a||||||||001yy 200 1 $aProblemi attuali della libertà personale$etra emergenze e quotidiano della giustizia penale$fMario Chiavario 210 $aMilano$cGiuffrè$d1985 215 $aVII, 222 p.$d24 cm 410 0$12001 454 1$12001 461 1$1001-------$12001 606 0 $aLibertà personale$xDiritto 676 $a345.056 700 1$aCHIAVARIO,$bMario$0225256 801 0$aIT$bsalbc$gISBD 912 $a990003103040203316 951 $a345.056 CHI$b2999 DITESI (sez. 2 n. 898) 959 $aBK 969 $aDITESI 979 $aDITESI$b10$c20080505$lUSA01$h1125 996 $aProblemi attuali della libertà personale$963074 997 $aUNISA